000 00684nam a2200205 4500
001 140458
003 ES-MaACL
005 20251223063020.0
007 t|
008 070214s1915 gw r ||||1| ger d
100 0 _aSchwerin, Claudius von
_9104909
245 1 0 _aDeutsche Rechtsgeschichte
_b: mit Ausschluss der Verfassungsgeschichte /
_cClaudins von Schwerin.
250 _a2ยช. ed.
260 _aLeipzig :
_bB.G. Teubner,
_c1915.
300 _a199 p. ;
_c26 cm.
490 1 _aGrundriss der Geschichtnvissenschaft Reihe II ;
_v5
830 0 _aGrundriss der Geschichtnvissenschaft Reihe II ;
_v5
_9220329
852 _aES-MaACL
_jG-15712
999 _c140458
_d140458